Le premier club pro des footballeurs - Statistiques

Statistiques générales
  • Ce quiz a été pris 176 fois
  • Le résultat moyen est 3 sur 16
Statistiques - réponses
Hint Réponse % Correct
Cristiano Ronaldo Sporting Portugal
67%
Ryan Giggs Manchester United
65%
Neymar Jr Santos FC
49%
Christian Eriksen Ajax Amsterdam
30%
Djibril Cissé AJ Auxerre
27%
Mesut Özil Schalke 04
23%
Zlatan Ibrahimović Malmö FF
22%
Xherdan Shaqiri FC Bâle
15%
Emmanuel Adebayor FC Metz
7%
Mario Balotelli AC Lumezzane
1%
Edinson Cavani Danubio FC
1%
Tim Cahill Millwall FC
1%
Adebayo Akinfenwa FK Atlantas
0%
Jamie Lewelling Greuter Fürth
0%
Michael Laudrup Kjøbenhavns BK
0%
Hamit Altıntop SG Wattenscheid
0%
Aucun quiz correspondant
Distribution des résultats
% des personnes avec chaque résultat
Percentile par nombre de réponses
Votre historique - résultats
Vous n’avez pas pris ce quiz